000 01290nam a2200301 a 4500
001 26461
003 BD-RjUL
005 20211209051024.0
008 140322s1974 ja a 000 0 jpn d
035 _a(BD-RjUL)26531
040 _aIUA
_cIUA
_dBD-RjUL
_beng
041 0 _ajpneng
082 0 0 _a495.6642
_bKAM 1974
245 0 0 _aKamakura /
_cedited by the Staff of the Inter-University Center for Japanese Language Studies in Tokyo.
_nPart One
260 _aTokyo :
_bUniversity of Tokyo Press,
_c1974.
300 _a137 p. :
_bill. ;
_c27 cm.
490 1 _aReadings in Japanese history series ;
_v2
500 _aReadings selected from vols. 5 and 6 of the Nihon rekishi shirīzu and from the one-volume Shin Nihon shi no ningenzō.
500 _aVol. 1 has introd. in English, text in Japanese; v. 2 is the vocabulary annotation for the text in v. 1 and is in English and Japanese.
650 0 _aJapanese language
_xReaders
_xHistory.
_928429
651 0 _aJapan
_xHistory
_yKamakura period, 1185-1333.
_981361
830 0 _v2
_981366
710 2 0 _aInter-university Center for Japanese Language Studies.
_928435
730 0 _aNihon rekishi shirīzu
_981367
730 0 _aShin Nihon shi no ningenzō.
_981368
830 0 _aReadings in Japanese history series ;
_981369
942 _2ddc
_cBK
999 _c26461
_d26461